The Economics of Money, Banking and Financial Markets. (Record no. 6672)

MARC details
005 - DATE AND TIME OF LATEST TRANSACTION
control field 20250711104832.0
020 ## - INTERNATIONAL STANDARD BOOK NUMBER
International Standard Book Number 978-0-321-64936-2
082 ## - DEWEY DECIMAL CLASSIFICATION NUMBER
Classification number 332.4 MIS
100 ## - MAIN ENTRY--PERSONAL NAME
Author name MISHKIN, F. S.
245 ## - TITLE STATEMENT
Title The Economics of Money, Banking and Financial Markets.
250 ## - EDITION STATEMENT
Edition statement 9th Ed
260 ## - PUBLICATION, DISTRIBUTION, ETC.
Place of publication, distribution, etc. New York,
Name of publisher, distributor, etc. Pearson,
Date of publication, distribution, etc. 2009.
300 ## - PHYSICAL DESCRIPTION
Extent xli, 707p.: ill.; figure, table
Other physical details Glossary & Index
Dimensions 25cm
942 ## - ADDED ENTRY ELEMENTS (KOHA)
Source of classification or shelving scheme Dewey Decimal Classification
Koha item type Books
Holdings
Date last seen Total checkouts Full call number Barcode Cost, replacement price Price effective from Koha item type Lost status Source of classification or shelving scheme Damaged status Not for loan Withdrawn status Home library Current library Shelving location Date acquired Cost, normal purchase price
07/11/2025   332.4 MIS 00000013724 150000.00 07/11/2025 Books   Dewey Decimal Classification       College of Business Education Main Library College of Business Education Main Library General Collection 06/26/2025 50000.00
07/11/2025   332.4 MIS 00000013725 150000.00 07/11/2025 Books   Dewey Decimal Classification       College of Business Education Main Library College of Business Education Main Library General Collection 06/26/2025 50000.00
07/11/2025   332.4 MIS 00000013726 150000.00 07/11/2025 Books   Dewey Decimal Classification       College of Business Education Main Library College of Business Education Main Library General Collection 06/26/2025 50000.00